000
00277nam a2200109Ia 4500
008
191206s9999 xx 000 0 und d
090
_a
PR06CN161
245
0
_a
Darkness at noon
260
_c
cc1920
300
_a
1 photographic print.
999
_c
15782
_d
15782